People Designated as Mao Zedong's Successor - Statistics

General Stats
  • This quiz has been taken 12 times
  • The average score is 4 of 6
Answer Stats
Answer % Correct
Deng Xiaoping
82%
Lin Biao
82%
Zhou Enlai
82%
Hua Guofeng
73%
Liu Shaoqi
64%
Wang Hongwen
45%
No matching quizzes found
Score Distribution
Percent of People with Each Score
Percentile by Number Answered
Your Score History
You have not taken this quiz